[Event "AUS-ch U18"]
[Site "Adelaide"]
[Date "2009.01.11"]
[Round "9"]
[White "Masle Farquhar, Etienne"]
[Black "Anguswamy, Manoj"]
[Result "0-1"]
[WhiteElo "1036"]
[BlackElo "707"]
[PlyCount "66"]
[EventDate "2009.01.02"]
[EventType "swiss"]
[EventRounds "11"]
[EventCountry "AUS"]
[SourceTitle "CBM 128 Extra"]
[Source "ChessBase"]
[SourceDate "2009.03.05"]
[SourceVersion "2"]
[SourceVersionDate "2009.03.25"]
[SourceQuality "1"]

1. c4 e5 2. Nc3 Nf6 3. g3 c6 4. Bg2 d5 5. cxd5 cxd5 6. d3 Be7 7. Bg5 Be6 8. Nf3 Nc6 9. Bxf6 Bxf6 10. 0-0 0-0 11. Rc1 Qd7 12. Qd2 Rad8 13. Rfd1 Bh3 14. Na4 Bxg2 15. Kxg2 Be7 16. Qc2 Rc8 17. Qb1 d4 18. a3 Nb8 19. Rxc8 Rxc8 20. Rc1 Rxc1 21. Qxc1 Nc6 22. Nc5 Qc7 23. Nb3 Qd6 24. Nbd2 Qd5 25. Qc4 Qxc4 26. Nxc4 f6 27. Nfd2 b5 28. b4 bxc4 29. dxc4 a6 30. b5 axb5 31. cxb5 Na5 32. a4 f5 33. f4 e4 0-1

[Event "AUS-ch U18"]
[Site "Adelaide"]
[Date "2009.01.07"]
[Round "6"]
[White "Borg, Malcolm"]
[Black "Anguswamy, Manoj"]
[Result "1-0"]
[WhiteElo "1272"]
[BlackElo "707"]
[PlyCount "43"]
[EventDate "2009.01.02"]
[EventType "swiss"]
[EventRounds "11"]
[EventCountry "AUS"]
[SourceTitle "CBM 128 Extra"]
[Source "ChessBase"]
[SourceDate "2009.03.05"]
[SourceVersion "2"]
[SourceVersionDate "2009.03.25"]
[SourceQuality "1"]

1. e4 c5 2. Nf3 Nc6 3. d4 cxd4 4. Nxd4 Nf6 5. Nc3 e5 6. Ndb5 d6 7. a4 a6 8. Na3 g6 9. Be3 Be6 10. Bc4 Bg7 11. Bxe6 fxe6 12. Nc4 Nd4 13. Bxd4 exd4 14. Qxd4 d5 15. exd5 exd5 16. 0-0-0 dxc4 17. Rhe1+ Kf7 18. Qxc4+ Nd5 19. Rxd5 Bh6+ 20. Kb1 b5 21. Rf5+ Kg7 22. Qf7# 1-0

[Event "AUS-ch U18"]
[Site "Adelaide"]
[Date "2009.01.03"]
[Round "2"]
[White "Deen Cowell, Nicholas Andrew"]
[Black "Anguswamy, Manoj"]
[Result "1-0"]
[WhiteElo "1379"]
[BlackElo "707"]
[PlyCount "93"]
[EventDate "2009.01.02"]
[EventType "swiss"]
[EventRounds "11"]
[EventCountry "AUS"]
[SourceTitle "CBM 128 Extra"]
[Source "ChessBase"]
[SourceDate "2009.03.05"]
[SourceVersion "2"]
[SourceVersionDate "2009.03.25"]
[SourceQuality "1"]

1. e4 c5 2. Nc3 Nc6 3. Nf3 d6 4. Bc4 Bg4 5. Bxf7+ Kxf7 6. Ng5+ Ke8 7. Qxg4 Nf6 8. Qd1 h6 9. Ne6 Qd7 10. Nd5 Kf7 11. Nxf8 Raxf8 12. Nxf6 exf6 13. 0-0 Ne7 14. c3 Qc6 15. Re1 Re8 16. d4 cxd4 17. Qxd4 a6 18. Bf4 Nc8 19. Rad1 Rd8 20. Rd2 Rhe8 21. f3 Rd7 22. Red1 d5 23. exd5 Qb6 24. Qxb6 Nxb6 25. b3 Red8 26. c4 g5 27. Bg3 f5 28. Bf2 Nc8 29. c5 Ne7 30. d6 Nc6 31. a3 a5 32. Rb2 Rb8 33. b4 axb4 34. axb4 Rc8 35. b5 Na7 36. Rc2 b6 37. c6 Rdd8 38. Bxb6 Nxc6 39. Bxd8 Na7 40. Rxc8 Nxc8 41. d7 Ne7 42. Bxe7 Kxe7 43. d8Q+ Ke6 44. Qd6+ Kf7 45. Re1 f4 46. Re7+ Kf8 47. Qd8# 1-0